00626 2200193 4500001002100000005001500021035002000036007000300056008003900059082000700098084001300105100001400118245019200132250001000324260004600334300002500380600001200405990001500417INLIS00000000000988320260414082016 a0010-0426000224ta260414 | | |  a42 a42 MAR p0 aMARHAYENI1 aPERAN GURU PENDIDIKAN AGAMA ISLAM DALAM MENANAMKAN NILAI KARAKTER KERJA SAMA MELALUI PEMANFAATAN MEDIA TV INTERAKTIF PADA PESERTA DIDIK KELAS XI 2 DI SMA NEGERI 1 MUARA TEWEH /cMARHAYENI aCet 1 aPalangka Raya :bPerpustakaan UMPR,c2025 axvi, 43 hlm :bilus. 4aSKRIPSI a2442132161